Piłkarska kariera Davida Alaby. - Statystyki

Ogólne statystyki
  • Ten quiz został rozwiązany 88 razy
    69 od ostatniego zresetowania
  • Średni wynik to 3 z 5
Statystyki odpowiedzi
Lata Drużyna % Poprawnych
2021-teraz Real Madryt
100%
2010-2011 Bayern
98%
2011-2021 Bayern
98%
2011-2011 Hoffenheim
10%
2009-2010 Bayern II
8%
Nie znaleziono quizów pasujących do podanych kryteriów
Rozkład punktacji
Procent ludzi z każdym wynikiem
Percentyl według liczby udzielonych odpowiedzi
Twoja historia wyników
Nie rozwiązałeś tego quizu od ostatniego zresetowania